Hardness testing /

Bibliographic Details
Corporate Author: ASM International
Other Authors: Chandler, Harry
Format: Book
Language:English
Published: Materials Park, OH : ASM International, 1999.
Edition:2nd ed.
Subjects:

MARC

Tag First Indicator Second Indicator Subfields
LEADER 00000cam a22000004a 4500
001 in00001534813
005 20151022052315.0
008 000428s1999 ohua b 001 0 eng
010 |a  99046704  
020 |a 0871706407 
020 |a 9780871706409 
029 1 |a YDXCP  |b 1605615 
035 |a (OCoLC)42383507 
040 |a DLC  |c DLC  |d UOI  |d BAKER  |d BTCTA  |d YDXCP  |d UtOrBLW 
042 |a pcc 
049 |a TXAM 
050 0 0 |a TA418.42  |b .H37 1999 
082 0 0 |a 620.1/126  |2 21 
245 0 0 |a Hardness testing /  |c edited by Harry Chandler. 
250 |a 2nd ed. 
264 1 |a Materials Park, OH :  |b ASM International,  |c 1999. 
300 |a vii, 192 pages :  |b illustrations ;  |c 23 cm. 
336 |a text  |b txt  |2 rdacontent 
337 |a unmediated  |b n  |2 rdamedia 
338 |a volume  |b nc  |2 rdacarrier 
504 |a Includes bibliographical references and index. 
505 2 0 |t Introduction to hardness testing --  |t Brinell testing --  |t Rockwell hardness testing --  |t Vickers hardness testing --  |t Microhardness testing --  |t Other hardness testing methods --  |t Re-bound type tests: scleroscope and Leeb testing --  |t Hardness testing applications --  |t Selection of hardness testing methods --  |t Hardness conversion tables --  |t Meric and conversion data --  |t Directory of equipment manufacturers and suppliers/services in the United States. 
650 0 |a Hardness  |x Testing. 
700 1 |a Chandler, Harry. 
710 2 |a ASM International. 
776 0 8 |i Online version:  |t Hardness testing.  |b 2nd ed.  |d Materials Park, OH : ASM International, 1999  |w (OCoLC)607455377 
776 0 8 |i Online version:  |t Hardness testing.  |b 2nd ed.  |d Materials Park, OH : ASM International, 1999  |w (OCoLC)609345961 
938 |a Baker & Taylor  |b BKTY  |c 138.00  |d 142.95  |i 0871706407  |n 0003401662  |s active 
938 |a Baker and Taylor  |b BTCP  |n 99046704 
938 |a YBP Library Services  |b YANK  |n 1605615 
945 |a PromptCat 
946 |a qatar 
947 |a Q14800173711 
949 |a updated-AC Qatar  |b h  |c 2007/12/3  |e rrojas/agreen 
994 |a 92  |b TXA 
999 |a MARS 
999 f f |s 8265946b-4c27-37f0-844e-60b6bdf490e7  |i 9fbd7665-18be-37d2-908d-1c56c30b45e6  |t 0 
952 f f |p ric  |a Texas A&M University  |b Rellis Campus  |c Joint Library Facility  |d Remote Storage  |t 0  |e TA418.42 .H37 1999  |h Library of Congress classification  |i unmediated -- volume  |m A14826101855 
998 f f |a TA418.42 .H37 1999  |t 0  |l Remote Storage